| 000 | 00583nac a22001691u 4500 | ||
|---|---|---|---|
| 008 | 100915t2003 xxu|||||r|||| 001 0 eng d | ||
| 010 | _a88012624 | ||
| 020 | _a8120309294 | ||
| 082 | 0 | 0 |
_a621.367 _bJAI _222 |
| 100 |
_aJain, Anil K., _919187 |
||
| 245 | 0 | 0 |
_aFundamentals of Digital Image Processing / _cAnil K. Jain. |
| 260 |
_aNew Delhi : _bPrentice Hall of India, _cc2003. |
||
| 300 |
_axxi, 569 p. : _bill. ; _c24 cm. |
||
| 504 | _aIncludes bibliographical references and index. | ||
| 650 | 0 |
_aImage processing _xDigital techniques. _919188 |
|
| 942 |
_cBB _k621.367JAI _2ddc |
||
| 999 |
_c730 _d730 |
||